000 00666nam a22001937a 4500
999 _c104144
_d104144
005 20181207125002.0
010 _aENG-116252
020 _a9780199456703
_c1195.00
020 _a0199456704
_c1195.00
035 _aEN-99784
037 _bDBAD/PUB
082 0 4 _a344.54046
245 0 4 _aSanitation law and policy in India :
_ban introduction to basic instruments /
_cby Philippe Cullet [and] Lovleen Bhullar
260 _aNew Delhi
_bOxford University press
_c2015
270 _aYMCA Library Building,1 Jaisingh Road
_bNew Delhi
_e110001
300 _axx,510 pages
_c22 cm.(Hb)
700 _a Cullet,Philippe
942 _2ddc
_cEN
_h344.54046
_mSAN